000 00774nam a2200229Ii 4500
003 JO-AjNU
008 230605s9999||||xx |||||||||||||| ||und||
017 _a2008/6/2084
020 _a978-9957-499-37-2
040 _aJO-AjNU
_bara
_erda
_cJO-AjNU
041 _aara
050 1 4 _aHD58.87.A85.2009
100 3 _aعاطف،زاهر عبدالرحيم,
_eauthor
_930422
245 0 0 _aهندرة المنظمات:الهيكل التنظيمي للمنظمة
250 _aط1
264 3 1 _aعمان:دار الراية للنشر والتوزيع،2009
300 _a295ص
336 _atext
_btxt
_2rdacontent
337 _aunmediated
_bn
_2rdamedia
338 _avolume
_bnc
_2rdacarrier
650 4 _aادارة الاعمال-المؤسسات الادارية
_930423
999 _aA12058
_c15626
_d15626